| Tag |
First Indicator |
Second Indicator |
Subfields |
| LEADER |
00000pam a22000004a 4500 |
| 001 |
in00001706413 |
| 005 |
20151024154331.0 |
| 008 |
020214s2002 nyu 000 1 eng |
| 010 |
|
|
|a 2002022450
|
| 020 |
|
|
|a 0452283582
|
| 035 |
|
|
|a (OCoLC)ocm49225798
|
| 040 |
|
|
|a DLC
|c DLC
|d UtOrBLW
|
| 041 |
1 |
|
|a eng
|h spa
|h por
|
| 042 |
|
|
|a pcc
|
| 049 |
|
|
|a TXAM
|
| 050 |
0 |
0 |
|a PQ7087.E5
|b W55 2002
|
| 082 |
0 |
0 |
|a 863/.010898
|2 21
|
| 245 |
0 |
2 |
|a A whistler in the nightworld :
|b short fiction from the Latin Americas /
|c edited by Thomas Colchie.
|
| 264 |
|
1 |
|a New York :
|b Plume,
|c [2002]
|
| 264 |
|
4 |
|c ©2002
|
| 300 |
|
|
|a x, 410 pages ;
|c 21 cm.
|
| 336 |
|
|
|a text
|b txt
|2 rdacontent
|
| 337 |
|
|
|a unmediated
|b n
|2 rdamedia
|
| 338 |
|
|
|a volume
|b nc
|2 rdacarrier
|
| 650 |
|
0 |
|a Short stories, Latin American
|v Translations into English.
|
| 650 |
|
0 |
|a Latin American fiction
|y 20th century
|v Translations into English.
|
| 700 |
1 |
|
|a Colchie, Thomas.
|
| 945 |
|
|
|i PromptCat
|
| 948 |
|
|
|a cataloged
|b h
|c 2002/10/2
|d c
|e dmitchel
|f 2:38:08 pm
|
| 994 |
|
|
|a 92
|b TXA
|
| 999 |
|
|
|a MARS
|
| 999 |
f |
f |
|s 3f8132b7-76d8-3eb6-bcea-790e73c1913d
|i eeb8b0fe-a1fe-3c31-85f3-f6ed89d0c3f0
|t 0
|
| 952 |
f |
f |
|p ric
|a Texas A&M University
|b Rellis Campus
|c Joint Library Facility
|d Remote Storage
|t 0
|e PQ7087.E5 W55 2002
|h Library of Congress classification
|i unmediated -- volume
|m A14829157994
|
| 998 |
f |
f |
|a PQ7087.E5 W55 2002
|t 0
|l Remote Storage
|